000 00544nam a2200193Ia 4500
005 20250508162738.0
008 008 250505s9999 xx 000 0 hin d
037 _aTextBook
040 _aFEDL
_beng
_cFEDL
041 _ahin
_2eng
084 _a370.1, OAD/R
_qFEDL
100 _aOad Lakshmi Lal K.
_9769630
245 0 _aShiksha ki darshnik prishtabhoomi
260 _aJaipur, India
_bRajasthan Hindi Granth Akademi
_c1973
300 _a319p
365 _aINR
_b15
942 _cTB
_h370.1, OAD/R
999 _c1378448
_d1378448